| 000 | 00447 a2200157 4500 | ||
|---|---|---|---|
| 020 | _a8176357006 | ||
| 082 | _a650 | ||
| 090 |
_c7379 _d7379 |
||
| 100 | _aPenguin Group Inc. | ||
| 245 |
_aPersonality Development _bEvery manager's desk reference series-I |
||
| 260 |
_aNew Delhi (India) _bTechmedia _c2003 |
||
| 300 |
_a382 p. ; _bill.; _c24 cm. |
||
| 500 | _aIncludes index | ||
| 650 | _a1. Management--Handbook, manuals etc. | ||
| 942 |
_cBK _k650 PEN |
||
| 999 |
_c11182 _d11182 |
||